Гигиена, физиология и эпидемиология на железнодорожном транспорте. №63: Проблемы социальной гигиены и организации здравоохранения на железодорожном транспорте (Запись № 2127821)

Подробности
000 -МАРКЕР
контрольное поле 01309nam2a22002411 4500
001 - ИДЕНТИФИКАТОР ЗАПИСИ
контрольное поле RU\NLR\INFOCOMM15\1000074349
005 - ИДЕНТИФИКАТОР ВЕРСИИ
контрольное поле 20250617153518.0
035 ## - ДРУГИЕ СИСТЕМНЫЕ НОМЕРА
Идентификатор записи (NLR Aleph) 002749449
100 ## - ДАННЫЕ ОБЩЕЙ ОБРАБОТКИ
Данные общей обработки 20040218d1977 |||y0rusy50 ca
101 0# - ЯЗЫК РЕСУРСА
Язык текста, звукозаписи и т.д. русский
102 ## - СТРАНА ПУБЛИКАЦИИ ИЛИ ПРОИЗВОДСТВА
Страна публикации Российская Федерация
105 ## - ПОЛЕ КОДИРОВАННЫХ ДАННЫХ: ТЕКСТОВЫЕ МАТЕРИАЛЫ, МОНОГРАФИЧЕСКИЕ
Кодированные данные о монографическом текстовом документе y |||||||||
200 1# - ЗАГЛАВИЕ И СВЕДЕНИЯ ОБ ОТВЕТСТВЕННОСТИ
Основное заглавие Проблемы социальной гигиены и организации здравоохранения на железодорожном транспорте
210 ## - ПУБЛИКАЦИЯ, РАСПРОСТРАНЕНИЕ И ДР.
Дата издания, распространения и т.д. 1977
Место издания, распространения и т.д. Б. м.
461 #0 - УРОВЕНЬ НАБОРА
Встроенное поле 001RU\NLR\INFOCOMM15\1000074289
-- 2001#$aГигиена, физиология и эпидемиология на железнодорожном транспорте$eСборник науч. трудов$fГлавсанупр МПС. Всесоюз. науч.-исслед. ин-т ж.-д. гигиены$v№63
Системный номер (АБИС) связанной записи 2127785
Место публикации М.
Дата публикации 1956-
Первые сведения об ответственности Главсанупр МПС. Всесоюз. науч.-исслед. ин-т ж.-д. гигиены
Сведения, относящиеся к заглавию Сборник науч. трудов
Заглавие Гигиена, физиология и эпидемиология на железнодорожном транспорте
Номер тома №63
801 #1 - ИСТОЧНИК ЗАПИСИ
Страна Российская Федерация
Организация InfoComm
Дата составления 20040218
801 #0 - ИСТОЧНИК ЗАПИСИ
Страна Российская Федерация
Организация NLR
Правила каталогизации PSBO
852 ## - МЕСТОНАХОЖДЕНИЕ И ШИФР ХРАНЕНИЯ
Идентификатор организации NLR
Шифр хранения (Call Number) П17/286
942 ## - ДОПОЛНИТЕЛЬНЫЕ ЭЛЕМЕНТЫ ЗАПИСИ (АБИС)
Тип экземпляра АБИС Выпуск
980 ## - КОЛЛЕКЦИЯ
Название коллекции Национальная библиография
980 ## - КОЛЛЕКЦИЯ
Название коллекции Русская периодика

Нет доступных экземпляров.